O starých kalendároch a veciach s nimi súvisiacich

Podrobná bibliografia
Hlavný autor: Petrík, Vladimír, 1929-2017 (Autor)
Médium: Článok
Jazyk:slovenčina
Fyzický popis:Fotogr.
ISSN:1335-6976
Predmet:

MARC

LEADER 00000cab a2200000 a 4500
001 vtls012243745
003 SK-MaSNL
005 20260303221545.0
008 231110|2001 xo ||||||| || 0||slo|
015 |a SNBRB2001/08-22764 
040 |a SNKBUCL  |b slo  |c SNKBUCL  |e AACR2 
041 0 |a slo 
044 |a xo  |c SK 
080 |a (0:82-4)  |2 2011 
100 1 |a Petrík, Vladimír,  |d 1929-2017  |4 aut  |9 171168 
245 1 0 |a O starých kalendároch a veciach s nimi súvisiacich  |c Vladimír Petrík 
300 |b Fotogr. 
650 0 7 |a historické kalendáre  |2 SNKPH  |9 276236 
655 7 |a články z novín a časopisov  |2 SNKPH  |9 267496 
655 7 |a články z odboru literárna veda a krásna literatúra  |2 SNKPH  |9 770045 
655 7 |a úvahy  |2 SNKPH  |9 29403 
773 0 |t Kultúrny život  |g Roč. 2, č. 44 (2001), s. 12  |x 1335-6976 
850 |a Slovenská národná knižnica v Martine 
958 |a LX 
958 |a PETRIKApč/2001 
999 |c 2234749  |d 2236679